| 000 | 00573nam a2200169Ia 4500 | ||
|---|---|---|---|
| 999 |
_c23330 _d23330 |
||
| 003 | OSt | ||
| 005 | 20201127153602.0 | ||
| 008 | 190216s9999||||xx |||||||||||||| ||und|| | ||
| 020 | _a9788182663190 | ||
| 040 | _coclc | ||
| 082 |
_a954.830088297 _bNAM/K |
||
| 100 |
_aNamboodirippad, Mozhikunnathu Brahmadathan _93711 |
||
| 245 | 0 |
_aKhilafath Smaranakal / _cMozhikunnath Brahmadathan Namboodirippad |
|
| 260 |
_bMathrubhumi Printing &publishing, _c2015. _aKozhikode: |
||
| 300 | _a176p | ||
| 942 |
_cBK _2ddc _h954.830088297 _iNAM/K _k954.830088297 _mNAM/K |
||